00273 a2200109 4500001000700000020000600007040001100013100002300024240005600047245005100103362000900154167128 a  cMagnum aCerteau, Michel de10aA invencao do cotidiano - v.1 - artes de fazerlpor10aA invencao do cotidiano - v.1 - artes de fazer0 a1899